<?xml version="1.0" encoding="UTF-8"?>
<record
    xmlns:xsi="http://www.w3.org/2001/XMLSchema-instance"
    xsi:schemaLocation="http://www.loc.gov/MARC21/slim http://www.loc.gov/standards/marcxml/schema/MARC21slim.xsd"
    xmlns="http://www.loc.gov/MARC21/slim">

  <leader>00745nam a22002297a 4500</leader>
  <controlfield tag="005">20251208104245.0</controlfield>
  <controlfield tag="008">251108b        |||||||| |||| 00| 0 eng d</controlfield>
  <datafield tag="017" ind1=" " ind2=" ">
    <subfield code="a">LD.1378</subfield>
  </datafield>
  <datafield tag="018" ind1=" " ind2=" ">
    <subfield code="a">2025</subfield>
  </datafield>
  <datafield tag="020" ind1=" " ind2=" ">
    <subfield code="a">9789787843215</subfield>
  </datafield>
  <datafield tag="040" ind1=" " ind2=" ">
    <subfield code="a">NLN</subfield>
    <subfield code="b">English </subfield>
    <subfield code="e">AACR2 </subfield>
  </datafield>
  <datafield tag="050" ind1=" " ind2=" ">
    <subfield code="a">DT515.83</subfield>
    <subfield code="b">.E36</subfield>
  </datafield>
  <datafield tag="082" ind1=" " ind2=" ">
    <subfield code="a">923.8</subfield>
  </datafield>
  <datafield tag="100" ind1=" " ind2=" ">
    <subfield code="a">EKE, Uneni </subfield>
    <subfield code="e">aut</subfield>
    <subfield code="9">68577</subfield>
  </datafield>
  <datafield tag="245" ind1=" " ind2=" ">
    <subfield code="a">Life and times :</subfield>
    <subfield code="c">Uneni Eke </subfield>
    <subfield code="b">Sir Princewill Ogbuji Ajuzie KSC /</subfield>
  </datafield>
  <datafield tag="260" ind1=" " ind2=" ">
    <subfield code="a">Isiala Ngwa South, Abia State (Avoy Villa, Umuekene) :</subfield>
    <subfield code="b">Alden,</subfield>
    <subfield code="c">2023</subfield>
  </datafield>
  <datafield tag="300" ind1=" " ind2=" ">
    <subfield code="a">88p. :</subfield>
    <subfield code="b">ill. (some col.) , ports. (some col.) ; 28cm.</subfield>
  </datafield>
  <datafield tag="563" ind1=" " ind2=" ">
    <subfield code="a">(pbk)</subfield>
  </datafield>
  <datafield tag="650" ind1=" " ind2=" ">
    <subfield code="a">Ajuzie, Princewill Ogbuji, 1934-2023</subfield>
    <subfield code="9">68578</subfield>
  </datafield>
  <datafield tag="650" ind1=" " ind2=" ">
    <subfield code="a">Sales executive </subfield>
    <subfield code="v">Nigeria </subfield>
    <subfield code="x">Biography </subfield>
    <subfield code="9">68579</subfield>
  </datafield>
  <datafield tag="942" ind1=" " ind2=" ">
    <subfield code="c">BK</subfield>
    <subfield code="n">0</subfield>
  </datafield>
  <datafield tag="999" ind1=" " ind2=" ">
    <subfield code="c">33795</subfield>
    <subfield code="d">33795</subfield>
  </datafield>
  <datafield tag="952" ind1=" " ind2=" ">
    <subfield code="0">0</subfield>
    <subfield code="1">0</subfield>
    <subfield code="2">lcc</subfield>
    <subfield code="4">0</subfield>
    <subfield code="7">0</subfield>
    <subfield code="a">ABJ</subfield>
    <subfield code="b">MAIN</subfield>
    <subfield code="d">2025-11-08</subfield>
    <subfield code="e">Legal deposit</subfield>
    <subfield code="i">456968</subfield>
    <subfield code="l">0</subfield>
    <subfield code="o">DT515.83 .E36</subfield>
    <subfield code="p">456968</subfield>
    <subfield code="r">2025-11-08 18:44:20</subfield>
    <subfield code="t">1</subfield>
    <subfield code="w">2025-11-08</subfield>
    <subfield code="y">BK</subfield>
  </datafield>
  <datafield tag="952" ind1=" " ind2=" ">
    <subfield code="0">0</subfield>
    <subfield code="1">0</subfield>
    <subfield code="2">lcc</subfield>
    <subfield code="4">0</subfield>
    <subfield code="7">0</subfield>
    <subfield code="a">EKI</subfield>
    <subfield code="b">MAIN</subfield>
    <subfield code="d">2025-11-08</subfield>
    <subfield code="e">Legal deposit</subfield>
    <subfield code="i">456967</subfield>
    <subfield code="l">0</subfield>
    <subfield code="o">DT515.83 .E36</subfield>
    <subfield code="p">456967</subfield>
    <subfield code="r">2025-11-08 18:45:30</subfield>
    <subfield code="t">1</subfield>
    <subfield code="w">2025-11-08</subfield>
    <subfield code="y">BK</subfield>
  </datafield>
  <datafield tag="952" ind1=" " ind2=" ">
    <subfield code="0">0</subfield>
    <subfield code="1">0</subfield>
    <subfield code="2">lcc</subfield>
    <subfield code="4">0</subfield>
    <subfield code="7">0</subfield>
    <subfield code="a">LAG</subfield>
    <subfield code="b">MAIN</subfield>
    <subfield code="d">2025-11-08</subfield>
    <subfield code="e">Legal deposit</subfield>
    <subfield code="i">456969</subfield>
    <subfield code="l">0</subfield>
    <subfield code="o">DT515.83 .E36</subfield>
    <subfield code="p">456969</subfield>
    <subfield code="r">2025-11-08 18:46:30</subfield>
    <subfield code="t">1</subfield>
    <subfield code="w">2025-11-08</subfield>
    <subfield code="y">BK</subfield>
  </datafield>
</record>
